México. Vencer el miedo: violaciones de los derechos humanos contra la mujer en México

Gorde:
Xehetasun bibliografikoak
Erakunde egilea: Amnistía Internacional
Formatua: Texto
Argitaratua: Londres: Amnistía Internacional
Etiketak: Etiketa erantsi
Etiketarik gabe, Izan zaitez lehena erregistro honi etiketa jartzen!

MARC

LEADER 00000 a a2200000 04500
001 23300
003
040
090 |a 161300  
110 |a Amnistía Internacional  
245 |a México. Vencer el miedo: violaciones de los derechos humanos contra la mujer en México  
260 |a Londres:   |b Amnistía Internacional  
300 |a 23 p.  
999 |c 11932  |d 11932